Sports Quiz

Random Sports or NFL Quiz
Score 0/32 Timer 01:00
2 Plays Today
% Correct
49ers
95.8%
Browns
95.2%
Bengals
95.1%
Packers
94.2%
Chargers
94.1%
Patriots
94.1%
Texans
93.7%
Raiders
92.4%
Washington
92.3%
Chiefs
92.2%
Dolphins
91.8%
Seahawks
90.9%
Jaguars
90.6%
Saints
90.4%
Cowboys
90.4%
Bills
90.4%
% Correct
Giants
90.2%
Broncos
90.1%
Vikings
89.9%
Rams
89.6%
Buccaneers
88.5%
Colts
88.5%
Panthers
88.2%
Ravens
88.1%
Eagles
88%
Cardinals
87.7%
Lions
87.1%
Steelers
86.3%
Titans
86.3%
Falcons
85.5%
Bears
84.2%
Jets
81.2%
Remove Ads.
Support Sporcle.
Get the best of Sporcle when you Go Orange. This ad-free experience offers more features, more stats, and more fun while also helping to support Sporcle. Thank you for becoming a member.

You're not logged in!

Compare scores with friends on all Sporcle quizzes.
OR
Log In

Sporcle TV

Today on Sporcle TV


Watch our educational content, quiz creation guides, and fun videos on Sporcle TV.

Show Comments

Extras

Top Quizzes Today


Score Distribution

Paid Content

Your Account Isn't Verified!

In order to create a playlist on Sporcle, you need to verify the email address you used during registration. Go to your Sporcle Settings to finish the process.

Report this User

Report this user for behavior that violates our Community Guidelines.

Details: